000 00690nam a2200193 i 4500
001 184920
003 ES-MaACL
005 20251005063138.0
008 160219s1975 sp |||| | spa d
100 1 _aMartí Gilabert, Francisco,
_d1923-
_977184
245 1 3 _aLa abolición de la Inquisición en España /
_cFrancisco Martí Gilabert.
260 _aPamplona :
_bUniversidad de Navarra,
_c1975.
300 _a358 p. ;
_c23 cm.
490 1 _aColección Historia de la Iglesia
650 4 _aInquisición-
_zEspaña-
_vHistoria.
_913799
830 0 0 _aColección historia de la Iglesia (Universidad de Navarra)
_9225147
852 _aES-MaACL
_jE-8572
999 _c184920
_d184920